00553nam a22001577a 4500008004100000020001600041020001800057050002200075100002300097245005700120260007700177300003600254500003700290650004600327700002200373161110b xxu||||| |||| 00| 0 eng d a0030505976  a9780030505973 aQC 30 b.S47 1999 aSerway, Raymond A. aHolt physics/cRaymond A. Serway and Jerry S. Faughn aAustin : bHolt, Rinehart and Winston : Harcourt Brace & Co., c©1999. axxiii, 1002p. :bill. ;c26 cm. aIncludes bibliography and index. aPhysics x Study and teaching (Secondary) aFaughn, Jerry S.